Missing Word: Big Romance Quiz Stats

 Plays Quiz Updated Feb 26, 2012

Support Sporcle.
Go Orange.
Score 0/15 Timer 02:00
0 Plays Today
Title Missing Word % Correct
My Big Fat ________ WeddingGreek
98.4%
Sweet Home ________Alabama
96.8%
50 First ________Dates
95.6%
Sleepless in ________Seattle
95.2%
Runaway ________Bride
94.4%
As ________ as It GetsGood
93.7%
There's Something About ________Mary
91.2%
My Best Friend's ________Wedding
90.9%
Title Missing Word % Correct
Shakespeare in ________Love
90.8%
You've Got ________Mail
90.3%
What ________ WantWomen
89.3%
________ Gotta GiveSomething's
89.1%
Bringing Down the ________House
88.8%
How to ________ a Guy in 10 DaysLose
88.5%
________ in ManhattanMaid
81.8%

Today's Daily Dose

Word Ladder
ING Words

Get the Picture
Nearest Volcano

From the Vault

Common Counties

by SporcleAdmin

We here at Sporcle had a bet that Hazzard county was gonna be tops of this list, turns out we were wrong and here is the quiz to prove it.
Remove Ads.
Support Sporcle.
Get the best of Sporcle when you Go Orange. This ad-free experience offers more features, more stats, and more fun while also helping to support Sporcle. Thank you for becoming a member.

Show Comments

Extras

Top Quizzes Today


Score Distribution

Your Account Isn't Verified!

In order to create a playlist on Sporcle, you need to verify the email address you used during registration. Go to your Sporcle Settings to finish the process.

Report this User

Report this user for behavior that violates our Community Guidelines.

Details: